Indian Practical Civil Engineers Handbook (Record no. 356780)
[ view plain ]
| 000 -LEADER | |
|---|---|
| fixed length control field | 00536nam a22001817a 4500 |
| 005 - DATE AND TIME OF LATEST TRANSACTION | |
| control field | 20231227132823.0 |
| 008 - FIXED-LENGTH DATA ELEMENTS--GENERAL INFORMATION | |
| fixed length control field | 231227b |||||||| |||| 00| 0 eng d |
| 020 ## - INTERNATIONAL STANDARD BOOK NUMBER | |
| International Standard Book Number | 97881 74767479 |
| 041 ## - LANGUAGE CODE | |
| Language code of text/sound track or separate title | eng |
| 082 ## - DEWEY DECIMAL CLASSIFICATION NUMBER | |
| Classification number | 624 |
| Item number | KHA |
| 100 ## - MAIN ENTRY--PERSONAL NAME | |
| Author | Khanna P N. |
| 245 ## - TITLE STATEMENT | |
| Title | Indian Practical Civil Engineers Handbook |
| 260 ## - PUBLICATION, DISTRIBUTION, ETC. | |
| Place of publication, distribution, etc. | New Delhi |
| Name of publisher, distributor, etc. | UBSPD Pvt. Ltd. |
| Date of publication, distribution, etc. | 1986 |
| 300 ## - PHYSICAL DESCRIPTION | |
| Extent | 500p |
| Other physical details | Pb |
| Dimensions | 19 x 13 |
| 365 ## - TRADE PRICE | |
| Price type code | INR |
| Price amount | 10762.50 |
| Currency code | Rupaye |
| 500 ## - GENERAL NOTE | |
| Keywords | The Metric System<br/>Measures of Length<br/>Square Measures Or Meaures Of Surface<br/> |
| 942 ## - ADDED ENTRY ELEMENTS (KOHA) | |
| Koha item type | Reference book |
| Withdrawn status | Lost status | Source of classification or shelving scheme | Damaged status | Not for loan | Home library | Current library | Date acquired | Vendor | Budget Code | Net Price | Bill number | Total Checkouts | Full call number | Barcode | Date last seen | Date last checked out | Discount | Actual Price | Bill Date | Koha item type |
|---|---|---|---|---|---|---|---|---|---|---|---|---|---|---|---|---|---|---|---|---|
| Dewey Decimal Classification | Dr. Bhanuben Nanavati College of Architecture | Dr. Bhanuben Nanavati College of Architecture | 27/12/2023 | Metro Books | B Arcth | 896.25 | 2436 | 2 | 624 KHA | BNCA-BK-12496 | 19/03/2025 | 12/03/2025 | 37% | 1195.00 | 02/11/2023 | Books |